ბათუმის შოთა რუსთაველის სახელმწიფო უნივერსიტეტის ბიბლიოთეკა

Reader's digest condesed books. (ბიბ.ჩანაწერი № 46269)

000 -LEADER
fixed length control field 00754nam a2200217Ia 4500
001 - CONTROL NUMBER
control field 13103
003 - CONTROL NUMBER IDENTIFIER
control field GE_BSU
008 - FIXED-LENGTH DATA ELEMENTS--GENERAL INFORMATION
fixed length control field 181216s||||||||xx |||||||||||||| ||und||
040 ## - CATALOGING SOURCE
Transcribing agency GE_BSU
080 ## - UNIVERSAL DECIMAL CLASSIFICATION NUMBER
Universal Decimal Classification number 821.111-32
245 ## - TITLE STATEMENT
Title Reader's digest condesed books.
245 #4 - TITLE STATEMENT
Remainder of title The white house connection. A walkto remember. Ice reich. A place of exe cution.
260 ## - PUBLICATION, DISTRIBUTION, ETC.
Place of publication, distribution, etc. London.
260 ## - PUBLICATION, DISTRIBUTION, ETC.
Name of publisher, distributor, etc. The reader's digest association limited.
260 ## - PUBLICATION, DISTRIBUTION, ETC.
Date of publication, distribution, etc. 1999
300 ## - PHYSICAL DESCRIPTION
Extent 540p;20cm.
300 ## - PHYSICAL DESCRIPTION
Other physical details ill.
520 ## - SUMMARY, ETC.
Summary, etc. The white house connection(p.9-136)Jack Higgins. A walkto remember(p.137-230)Nicholas Sparks. Ice reich(p.231-372)William Dietrich. A place of exe cution.(p.373-538)Val MC Dermid.
653 ## - INDEX TERM--UNCONTROLLED
Uncontrolled term Reader's digest condesed books.
942 ## - ADDED ENTRY ELEMENTS (KOHA)
Koha item type წიგნი
ეგზემპლარები
Withdrawn status Lost status Damaged status Not for loan Date acquired Barcode Date last seen Price effective from Koha item type
        2018-12-17 36554 2018-12-17 2018-12-17 წიგნი